000 01229cam a22003375a 4500
001 18142647
005 20150615141423.0
008 140507t2015 njua frbd 001 0 eng d
020 _a9780133155587 (hardcover : alk. paper)
020 _a0133155587 (hardcover : alk. paper)
040 _aDLC
_beng
_cDLC
_dDLC
_dEG-ScBUE
082 0 0 _a622.338
_222
_bTER
100 1 _aTerry, Ronald E.
_938170
245 1 0 _aApplied petroleum reservoir engineering /
_cRonald E. Terry, J. Brandon Rogers.
250 _a3rd ed.
260 _aUpper Saddle River :
_bPrentic Hall / Pearson Education,
_cc.2015.
300 _axxv, 493 p. :
_bill. ;
_c24 cm.
500 _aOriginal edition published: Applied petroleum reservoir engineering / by B.C. Craft and M. F. Hawkins. 1959.
500 _aGlossary : p. 473-479.
500 _aIndex : p. 481-493.
504 _aIncludes bibliographical references.
650 0 _aPetroleum engineering.
_2BUEsh
650 0 _aOil reservoir engineering.
_2BUEsh
651 _2BUEsh
653 _bENGGEN
_bENGPET
_cJune2015
655 _vreading book
_934232
700 1 _aRogers, J. Brandon.
700 1 _aCraft, B. C.
_q(Benjamin Cole)
_932997
700 1 _aHawkins, Murray F.,
_d1917-
942 _2ddc
999 _c19667
_d19639